Normal view
MARC view
- Naidu M K R Ed
Entry Personal Name
001 - CONTROL NUMBER
- control field: 11197
003 - CONTROL NUMBER IDENTIFIER
- control field: OSt
005 - DATE AND TIME OF LATEST TRANSACTION
- control field: 20220803165814.0
008 - FIXED-LENGTH DATA ELEMENTS
- fixed length control field: 220803|| aca||aabn | a|a d
040 ## - CATALOGING SOURCE
- Original cataloging agency: OSt
- Transcribing agency: OSt
100 ## - HEADING--PERSONAL NAME
- Personal name: Naidu M K R Ed
670 ## - SOURCE DATA FOUND
- Source citation: Work cat.: (OSt)9338: Naidu M K R Ed., Creation And Management Of Digital Resources, 2001